• 首页
  • 本馆介绍
  • 公告通知
  • 最新文献
  • 馆藏检索
  • 电子资源
  • 读者导购
  • 参考咨询
  • 我的图书馆
  • 登录
  • 详细信息显示
  • 放入我的书架
  • 预约/预借图书
  • 作者相关作品
  • 分类相关作品
  • 丛书相关作品
  • 出版社相关作品

书目信息

  • 表格格式
  • 工作单格式
  • 卡片格式
题名:
小型水库
    
 
作者: ;华东水利学院农水系农田水利小丛书编写组 编
分册:  
出版信息: 上海   上海人民出版社  1975
页数: 55页
开本: 19cm
丛书名: 农田水利小丛书
单 册:
中图分类: TV62
科图分类:
主题词: 小型水库
电子资源:
ISBN:
000 00749nam2 2200241 45
001 0175002338
005 20060725111356.42
010    @dCNY0.13
100    @a19951024d1975 em y0chiy0121 ea
101 0  @achi
102    @aCN@b310000
105    @ay z 000yy
200 10 @a小型水库@Axiao xing shui ku@f华东水利学院农水系《农田水利小丛书》编写组编
210    @a上海@c上海人民出版社@d1975
215    @a55页@d19cm
225 2  @a农田水利小丛书@h四
410  0 @120010@a农田水利小丛书
606    @a小型水库
690    @aTV62@v3
711 02 @a华东水利学院农水系农田水利小丛书编写组@Ahua dong shui li xue yuan nong shui xi nong tian shui li xiao cong shu bian xie zu@4编
801  2 @aCN@bNLC@c20060725
801  0 @aCN@bTSSF
905    @a10447@dTV62@e18
    
    小型水库/华东水利学院农水系《农田水利小丛书》编写组编.-上海:上海人民出版社,1975
    55页;19cm.-(农田水利小丛书.四)
    
    
    ISBN :CNY0.13
    
●
相关链接 在E读中查询图书 在五车中查询图书 在当当中查询图书 在豆瓣中查询图书


正题名:小型水库     索取号:TV62/18         预约/预借

序号 登录号 条形码 馆藏地/架位号 状态 备注
1 0438376   204383764   密集书库/ [索取号:TV62/18] 在馆    
唐山师范学院图书馆 欢迎您!
大连网信软件有限公司© 版权所有